000 00662nam a2200229Ia 4500
999 _c1363
_d1363
007 ta
008 190719t2001||||ii a|||g |||| 000 ||eng|d
020 _a9788175980341
_cRs 150.00
040 _aKO
041 0 _aeng
044 _aii
082 0 4 _a623.8886
_bIn821
_223
110 2 _aInternational Maritime Organization
245 0 _aFSS Code : International Code for Fire Sefety Systems /
_cInternational Maritime Organization
260 _aMumbai :
_bSterling Book House,
_c2001
300 _avii, 260 p. :
_bill. ;
_c22 cm.
650 _aShips
_xFires and fire prevention
904 _aRUDRA_R
905 _aR_RANJAN
942 _2ddc
_cBK